Normal view
MARC view
- RASHID ANSARI
Entry Personal Name
001 - CONTROL NUMBER
- control field: 71697
003 - CONTROL NUMBER IDENTIFIER
- control field: NUST
005 - DATE AND TIME OF LATEST TRANSACTION
- control field: 20210628204653.0
008 - FIXED-LENGTH DATA ELEMENTS
- fixed length control field: 210628|| aca||aabn | a|a d
040 ## - CATALOGING SOURCE
- Original cataloging agency: NUST
- Transcribing agency: NUST
100 ## - HEADING--PERSONAL NAME
- Personal name: RASHID ANSARI
670 ## - SOURCE DATA FOUND
- Source citation: Work cat.: (NUST): FAROOQ,SAEED, 71695, PR-SOF-1366-DEVELOPMENT OF ELETRICITY FROM WIND TURBINE WHICH CAN PROVIDE ELECTRICITY TO POST PQT IN OPERATIONAL AREAS, 2001
